Somalia: Flags of the Federal Member States - Statistics

General Stats
  • This quiz has been taken 35 times
  • The average score is 4 of 6
Answer Stats
Picture Answer % Correct
Somaliland
100%
Puntland
83%
Jubaland
53%
Galmudug
50%
Hirshabelle State
50%
South West State of Somalia
50%
No matching quizzes found
Score Distribution
Percent of People with Each Score
Percentile by Number Answered
Your Score History
You have not taken this quiz